[Event "Quebec op"]
[Site "Montreal CAN"]
[Date "2001.07.21"]
[Round "1"]
[White "Fillion, Steve"]
[Black "Chu, Stefanie"]
[Result "1-0"]
[WhiteElo "2151"]
[BlackElo "2020"]
[PlyCount "67"]
[GameId "2160767911555411"]
[EventDate "2001.07.21"]
[EventType "swiss"]
[EventRounds "9"]
[EventCountry "CAN"]
[SourceTitle "EXT 2002"]
[Source "ChessBase"]
[SourceDate "2001.11.25"]
[SourceVersion "1"]
[SourceVersionDate "2001.11.25"]
[SourceQuality "1"]

1. e4 c5 2. Nc3 Nc6 3. g3 g6 4. Bg2 Bg7 5. Nge2 d6 6. O-O e5 7. d3 Nge7 8. Bg5 h6 9. Be3 O-O 10. Qd2 Kh7 11. f4 Nd4 12. f5 gxf5 13. exf5 f6 14. g4 d5 15. Ng3 Kg8 16. h3 Qd6 17. Nh5 Bd7 18. Nxg7 Kxg7 19. Bxh6+ Kf7 20. Kh1 Rh8 21. Be3 Rag8 22. Kg1 Ndxf5 23. Bf2 Nh6 24. Bg3 Nxg4 25. hxg4 Rxg4 26. Rf3 Nf5 27. Qf2 Rhg8 28. Ne2 Nxg3 29. Rxg3 f5 30. Rxg4 Rxg4 31. Kf1 b6 32. Ke1 Qh6 33. Bxd5+ Be6 34. Qxf5+ 1-0

[Event "Quebec op"]
[Site "Montreal CAN"]
[Date "2001.07.21"]
[Round "1"]
[White "Fortier, Marc-Andre"]
[Black "Smith, Andrew"]
[Result "1-0"]
[WhiteElo "2073"]
[BlackElo "1922"]
[PlyCount "43"]
[GameId "2160767911555412"]
[EventDate "2001.07.21"]
[EventType "swiss"]
[EventRounds "9"]
[EventCountry "CAN"]

1. e4 c6 2. d4 d5 3. exd5 cxd5 4. c4 Nf6 5. Nc3 e6 6. Nf3 Bb4 7. Bd3 dxc4 8. Bxc4 Ne4 9. Qb3 Nc6 10. O-O Bxc3 11. bxc3 O-O 12. Qc2 Na5 13. Bd3 Nf6 14. Ne5 b6 15. Bg5 h6 16. Bh4 Bb7 17. f4 Rc8 18. Rac1 Rc7 19. Ng4 Qd5 20. Nxf6+ gxf6 21. Bxf6 Rxc3 22. Bh7# 1-0

[Event "Quebec op"]
[Site "Montreal CAN"]
[Date "2001.07.21"]
[Round "1"]
[White "Gaspariants, Vladimir"]
[Black "Oral, Tomas"]
[Result "0-1"]
[WhiteElo "2305"]
[BlackElo "2540"]
[PlyCount "68"]
[GameId "2160767911555413"]
[EventDate "2001.07.21"]
[EventType "swiss"]
[EventRounds "9"]
[EventCountry "CAN"]
[SourceTitle "EXT 2002"]
[Source "ChessBase"]
[SourceDate "2001.11.25"]
[SourceVersion "1"]
[SourceVersionDate "2001.11.25"]
[SourceQuality "1"]

1. Nf3 c5 2. g3 Nc6 3. Bg2 e5 4. d3 g6 5. O-O Bg7 6. c3 Nge7 7. e4 O-O 8. Nbd2 d6 9. a3 a5 10. a4 h6 11. Ne1 Be6 12. Nc2 d5 13. exd5 Bxd5 14. Ne4 b6 15. Ne3 Be6 16. Nc4 Nd5 17. f4 exf4 18. gxf4 f5 19. Ned6 Kh8 20. Bd2 Ra7 21. Nb5 Rd7 22. Qe2 Bg8 23. Ne5 Nxe5 24. fxe5 Nc7 25. Na7 Rxd3 26. Rad1 Bb3 27. Nc6 Bxd1 28. Rxd1 Qd7 29. c4 Ne6 30. Bd5 Rxd5 31. cxd5 Qxd5 32. Qg2 Qxg2+ 33. Kxg2 Rc8 34. Ne7 Rd8 0-1

[Event "Quebec op"]
[Site "Montreal CAN"]
[Date "2001.07.21"]
[Round "1"]
[White "Gilman, Arkadiy"]
[Black "Gulko, Andrei"]
[Result "1/2-1/2"]
[WhiteElo "2115"]
[BlackElo "1978"]
[PlyCount "37"]
[GameId "2160767911555414"]
[EventDate "2001.07.21"]
[EventType "swiss"]
[EventRounds "9"]
[EventCountry "CAN"]

1. d4 Nf6 2. c4 e5 3. dxe5 Ne4 4. Nf3 Bb4+ 5. Nbd2 Nc6 6. a3 Nxd2 7. Bxd2 Bxd2+ 8. Qxd2 Qe7 9. Qc3 O-O 10. Rd1 Re8 11. Rd5 b6 12. e3 Bb7 13. Be2 Rad8 14. O-O Nb8 15. Rd2 Bxf3 16. Bxf3 Qxe5 17. Rc1 Qxc3 18. Rxc3 d6 19. Kf1 1/2-1/2

[Event "Quebec op"]
[Site "Montreal CAN"]
[Date "2001.07.21"]
[Round "1"]
[White "Grondin, Jean-Philippe"]
[Black "Linskiy, Oleg"]
[Result "1/2-1/2"]
[WhiteElo "2261"]
[BlackElo "2412"]
[PlyCount "67"]
[GameId "2160767911555415"]
[EventDate "2001.07.21"]
[EventType "swiss"]
[EventRounds "9"]
[EventCountry "CAN"]
[SourceTitle "EXT 2002"]
[Source "ChessBase"]
[SourceDate "2001.11.25"]
[SourceVersion "1"]
[SourceVersionDate "2001.11.25"]
[SourceQuality "1"]

1. e4 e6 2. d4 d5 3. Nc3 Nf6 4. e5 Nfd7 5. f4 c5 6. dxc5 Nc6 7. a3 Bxc5 8. Qg4 O-O 9. Bd3 f5 10. Qh3 Be7 11. b4 Ndxe5 12. fxe5 Nxe5 13. Nge2 Ng4 14. Nf4 Bh4+ 15. g3 Bf6 16. Bb2 Bxc3+ 17. Bxc3 e5 18. O-O-O exf4 19. gxf4 Qc7 20. Kb2 Qxf4 21. Rhg1 Be6 22. Rdf1 Qg5 23. Qf3 Qh4 24. Qf4 Rf7 25. Re1 Bd7 26. Qd4 Qd8 27. Qxd5 Bc6 28. Qxd8+ Rxd8 29. Bc4 Bd5 30. Bxd5 Rxd5 31. Re8+ Rf8 32. Re7 Rf7 33. Re8+ Rf8 34. Re7 1/2-1/2

[Event "Quebec op"]
[Site "Montreal CAN"]
[Date "2001.07.21"]
[Round "1"]
[White "Hua, Lefong"]
[Black "Roy, Alain"]
[Result "1/2-1/2"]
[WhiteElo "2305"]
[BlackElo "2146"]
[PlyCount "93"]
[GameId "2160767911555417"]
[EventDate "2001.07.21"]
[EventType "swiss"]
[EventRounds "9"]
[EventCountry "CAN"]

1. c4 Nf6 2. Nc3 g6 3. e4 d6 4. d4 Bg7 5. f4 O-O 6. Nf3 c5 7. d5 e6 8. Be2 b5 9. e5 dxe5 10. fxe5 Ng4 11. Bg5 f6 12. exf6 Bxf6 13. Bxf6 Qxf6 14. Qd2 bxc4 15. O-O Qf4 16. Qxf4 Rxf4 17. Ng5 Rxf1+ 18. Rxf1 Ne3 19. dxe6 Nxf1 20. Bf3 Ne3 21. Bxa8 h6 22. e7 Bd7 23. Nge4 Kf7 24. Nd5 Nxd5 25. Bxd5+ Kxe7 26. Bxc4 Be6 27. Bxe6 Kxe6 28. Nxc5+ Kd5 29. Nd3 Ke4 30. Nf2+ Kd4 31. Kf1 Nc6 32. Ke2 Ne5 33. h3 h5 34. h4 a5 35. b3 Nc6 36. Kd2 Nb4 37. a3 Nd5 38. Nd3 Ne3 39. Nf4 Ke4 40. Nxg6 Nxg2 41. a4 Kd4 42. Ne7 Kc5 43. Nf5 Kb4 44. Kc2 Ne1+ 45. Kb2 Nd3+ 46. Kc2 Ne1+ 47. Kb2 1/2-1/2

[Event "Quebec op"]
[Site "Montreal CAN"]
[Date "2001.07.21"]
[Round "1"]
[White "Masse, Hugues"]
[Black "Bolduc, Steve"]
[Result "1/2-1/2"]
[WhiteElo "2144"]
[BlackElo "2296"]
[PlyCount "88"]
[GameId "2160767911555419"]
[EventDate "2001.07.21"]
[EventType "swiss"]
[EventRounds "9"]
[EventCountry "CAN"]

1. e4 c6 2. d4 d5 3. e5 Bf5 4. Nc3 c5 5. dxc5 e6 6. Be3 Nd7 7. Bb5 Ne7 8. g4 Bg6 9. Nge2 Nc6 10. h4 h5 11. Nf4 Ndxe5 12. Nxg6 fxg6 13. gxh5 gxh5 14. Bf4 Qf6 15. Rh3 Qf5 16. Re3 O-O-O 17. Bxe5 Nxe5 18. Qe2 Ng4 19. Rxe6 Bxc5 20. O-O-O Rh6 21. Rxh6 Nxh6 22. Kb1 Ng4 23. Bd3 Qf7 24. Qd2 Qf6 25. Qg5 Qxg5 26. hxg5 Nxf2 27. Bf5+ Kb8 28. Rxd5 Rxd5 29. Nxd5 h4 30. Nf4 Be3 31. Nd3 Nxd3 32. cxd3 Bxg5 33. Kc2 Kc7 34. d4 Kd6 35. Kd3 b5 36. Ke4 Bc1 37. b3 Bb2 38. Bh3 g5 39. Bg4 Kc6 40. Bh3 Kb6 41. a4 bxa4 42. bxa4 Ka5 43. Bd7 g4 44. Bxg4 Kxa4 1/2-1/2

[Event "Quebec op"]
[Site "Montreal CAN"]
[Date "2001.07.21"]
[Round "1"]
[White "Michaud, Gerald"]
[Black "Poulin, Maurice"]
[Result "1/2-1/2"]
[WhiteElo "1943"]
[BlackElo "2084"]
[PlyCount "123"]
[GameId "2160767911555420"]
[EventDate "2001.07.21"]
[EventType "swiss"]
[EventRounds "9"]
[EventCountry "CAN"]

1. d4 g6 2. Nf3 Bg7 3. Bf4 c5 4. c3 cxd4 5. cxd4 Nc6 6. e3 Nf6 7. Nc3 Nh5 8. Bg3 Nxg3 9. hxg3 d5 10. Qb3 e6 11. Qa3 Bf8 12. Qb3 Bd7 13. Bb5 Bg7 14. Qa3 a6 15. Bxc6 Bxc6 16. O-O Qe7 17. Qa5 O-O 18. Rfc1 Rfc8 19. Rc2 Qc7 20. Qxc7 Rxc7 21. Rac1 Bd7 22. Ne2 Rxc2 23. Rxc2 Rc8 24. Rxc8+ Bxc8 25. Nc3 Bd7 26. Kf1 f6 27. Ke2 Bc6 28. Nd2 e5 29. Nb3 b6 30. a4 a5 31. f3 Kf7 32. Nc1 f5 33. Kd3 e4+ 34. Ke2 g5 35. f4 h6 36. N1a2 Bf8 37. Nb5 Ke6 38. Nac3 Bd6 39. Nxd6 Kxd6 40. Kf2 Be8 41. Ke1 Ke6 42. Kf2 Bh5 43. Ke1 Bf7 44. Nb5 Kd7 45. Kd2 Kc6 46. Na7+ Kd7 47. Nb5 Bh5 48. Nc3 Ke6 49. Nb5 Bf7 50. Nc7+ Kd7 51. Nb5 Be8 52. Nc3 Ke6 53. Ke1 Bc6 54. Kf2 Kf6 55. Kg1 Kg6 56. Kh2 h5 57. fxg5 Kxg5 58. Kh3 Bb7 59. Ne2 Ba6 60. Nf4 Bc4 61. Ne6+ Kf6 62. Nf4 1/2-1/2

[Event "Quebec op"]
[Site "Montreal CAN"]
[Date "2001.07.21"]
[Round "1"]
[White "Mikanovic, Goran"]
[Black "Robichaud, Louis"]
[Result "1-0"]
[WhiteElo "2343"]
[BlackElo "2169"]
[PlyCount "73"]
[GameId "2160767911555421"]
[EventDate "2001.07.21"]
[EventType "swiss"]
[EventRounds "9"]
[EventCountry "CAN"]

1. d4 Nf6 2. c4 g6 3. Nc3 Bg7 4. e4 d6 5. Nf3 O-O 6. Be2 e5 7. O-O Nc6 8. d5 Ne7 9. b4 Ne8 10. c5 h6 11. a4 f5 12. Nd2 fxe4 13. Ndxe4 Nf5 14. Bb2 Kh7 15. Bd3 a5 16. Ba3 axb4 17. Bxb4 Rf7 18. cxd6 cxd6 19. Qb1 Ne7 20. Nb5 Ra6 21. Qb3 Nf5 22. Rfc1 Bf8 23. Rc3 Bd7 24. Rac1 Bxb5 25. Bxb5 Nd4 26. Qc4 Nxb5 27. Qxb5 Ra8 28. a5 Ng7 29. Qb6 Nf5 30. Rc7 Kg8 31. Rxf7 Kxf7 32. Qxd8 Rxd8 33. Rc7+ Be7 34. Rxb7 Rc8 35. g3 Rc1+ 36. Kg2 Rd1 37. a6 1-0

[Event "Quebec op"]
[Site "Montreal CAN"]
[Date "2001.07.21"]
[Round "1"]
[White "Ouellet-Leveille, Clement"]
[Black "Feoktistov, Dmitri"]
[Result "0-1"]
[WhiteElo "1868"]
[BlackElo "2042"]
[PlyCount "76"]
[GameId "2160767911555422"]
[EventDate "2001.07.21"]
[EventType "swiss"]
[EventRounds "9"]
[EventCountry "CAN"]

1. e4 c6 2. d4 d5 3. exd5 cxd5 4. c4 Nf6 5. Nc3 Nc6 6. Bg5 Be6 7. Nf3 Qa5 8. Bxf6 exf6 9. c5 Bxc5 10. dxc5 d4 11. Nxd4 O-O-O 12. Nxe6 Rxd1+ 13. Rxd1 fxe6 14. Bc4 Kb8 15. O-O Qxc5 16. Bxe6 Nd4 17. Bd5 Rd8 18. Rd2 Nb5 19. Nxb5 Rxd5 20. Rxd5 Qxd5 21. Nc3 Qd2 22. Rb1 Qc2 23. h3 b5 24. Re1 Qxb2 25. Nd5 Kb7 26. Re6 Qc1+ 27. Kh2 Qc5 28. Ne3 a5 29. Re8 b4 30. Rg8 Qc7+ 31. g3 Qf7 32. Rd8 Qxa2 33. Kg2 b3 34. Rd7+ Kc6 35. Rd3 b2 36. Rc3+ Kb7 37. Nc4 Qxc4 38. Rxc4 b1=Q 0-1

[Event "Quebec op"]
[Site "Montreal CAN"]
[Date "2001.07.21"]
[Round "1"]
[White "Plante, Michel"]
[Black "Moisan-Plante, Marc-Olivier"]
[Result "0-1"]
[WhiteElo "1975"]
[BlackElo "2114"]
[PlyCount "78"]
[GameId "2160767911555423"]
[EventDate "2001.07.21"]
[EventType "swiss"]
[EventRounds "9"]
[EventCountry "CAN"]

1. d4 Nf6 2. Nf3 g6 3. Bg5 Bg7 4. Nbd2 d5 5. e3 c5 6. c3 Qb6 7. Qb1 Bf5 8. Bd3 Bxd3 9. Qxd3 Qa6 10. Ne5 Nbd7 11. Qxa6 bxa6 12. Bxf6 Bxf6 13. Nxd7 Kxd7 14. dxc5 a5 15. O-O-O Kc6 16. e4 e6 17. exd5+ exd5 18. Kc2 a4 19. Ne4 Be7 20. Nd6 Kxc5 21. Nxf7 Rhf8 22. Ne5 Rxf2+ 23. Rd2 Rxd2+ 24. Kxd2 d4 25. cxd4+ Kd5 26. Nf3 Rb8 27. Kc2 Rc8+ 28. Kd3 Rb8 29. Kc2 Rc8+ 30. Kb1 Bf6 31. Rd1 Rc4 32. Ne5 Rxd4 33. Rxd4+ Kxd4 34. Ng4 Bg7 35. Kc2 h5 36. Nf2 Ke3 37. Nd3 g5 38. b4 axb3+ 39. axb3 Bd4 0-1

[Event "Quebec op"]
[Site "Montreal CAN"]
[Date "2001.07.21"]
[Round "1"]
[White "Sullivan, Neil"]
[Black "Prahov, Valentin"]
[Result "0-1"]
[WhiteElo "2094"]
[BlackElo "2224"]
[PlyCount "58"]
[GameId "2160767911555424"]
[EventDate "2001.07.21"]
[EventType "swiss"]
[EventRounds "9"]
[EventCountry "CAN"]
[SourceTitle "EXT 2002"]
[Source "ChessBase"]
[SourceDate "2001.11.25"]
[SourceVersion "1"]
[SourceVersionDate "2001.11.25"]
[SourceQuality "1"]

1. e4 c5 2. Nf3 e6 3. d3 Nc6 4. g3 d5 5. Nbd2 g6 6. Bg2 Bg7 7. O-O Nge7 8. Nh4 O-O 9. f4 Bd7 10. Nb3 b6 11. c3 Rc8 12. f5 exf5 13. exd5 Ne5 14. Bf4 h6 15. Re1 Ng4 16. h3 Nf6 17. c4 Re8 18. Be5 g5 19. Nf3 Ng6 20. Bc3 Qc7 21. Kf2 Nh5 22. Ne5 Nxe5 23. Rxe5 Bxe5 24. Qxh5 Bxg3+ 25. Kg1 Qd6 26. Rf1 Re3 27. Be4 Bf4 28. h4 fxe4 29. hxg5 Rh3 0-1

[Event "Quebec op"]
[Site "Montreal CAN"]
[Date "2001.06.07"]
[Round "2"]
[White "Luksza, Arkadiusz"]
[Black "Bannon, Eric"]
[Result "0-1"]
[WhiteElo "2240"]
[BlackElo "2160"]
[PlyCount "64"]
[GameId "2160767911555427"]
[EventDate "2001.07.21"]
[EventType "swiss"]
[EventRounds "9"]
[EventCountry "CAN"]

1. c4 Nf6 2. Nf3 d6 3. Nc3 g6 4. d4 Bg7 5. e4 O-O 6. Be2 e5 7. d5 a5 8. Nd2 Nfd7 9. g4 Nc5 10. Nf1 f5 11. gxf5 gxf5 12. exf5 Bxf5 13. Ng3 Bg6 14. h4 e4 15. Be3 Nba6 16. h5 Bf5 17. Kd2 Nb4 18. Qg1 Kh8 19. Qg2 Rg8 20. Rag1 Qd7 21. Nxf5 Qxf5 22. Qf1 Be5 23. h6 Nbd3 24. Rh5 Qf6 25. Bxd3 exd3 26. Rxg8+ Rxg8 27. Qh3 Bxc3+ 28. bxc3 Ne4+ 29. Kxd3 Nxf2+ 30. Bxf2 Qxf2 31. Rf5 Rg3+ 32. Ke4 Qe3# 0-1

[Event "Quebec op"]
[Site "Montreal CAN"]
[Date "2001.07.22"]
[Round "2"]
[White "Chu, Stefanie"]
[Black "Dubuc, Gabriel"]
[Result "1-0"]
[WhiteElo "1971"]
[BlackElo "2023"]
[PlyCount "53"]
[GameId "2160767911555429"]
[EventDate "2001.07.21"]
[EventType "swiss"]
[EventRounds "9"]
[EventCountry "CAN"]

1. e4 e5 2. Nf3 Nf6 3. Nxe5 d6 4. Nf3 Nxe4 5. d4 d5 6. Bd3 Nc6 7. O-O Be7 8. c4 Nb4 9. cxd5 Nxd3 10. Qxd3 Qxd5 11. Re1 Bf5 12. g4 Bg6 13. Nc3 Nxc3 14. Qxc3 Qd6 15. Qe3 f6 16. b3 Kd7 17. a4 Bd8 18. Ba3 Qd5 19. Qc3 h5 20. Rac1 hxg4 21. Re7+ Bxe7 22. Qxc7+ Ke6 23. Qxe7+ Kf5 24. Rc5 Qxc5 25. Qxc5+ Ke6 26. Qd6+ Kf7 27. Qd5+ 1-0

[Event "Quebec op"]
[Site "Montreal CAN"]
[Date "2001.07.22"]
[Round "2"]
[White "Feoktistov, Dmitri"]
[Black "Poulin, Maurice"]
[Result "1-0"]
[WhiteElo "2042"]
[BlackElo "2084"]
[PlyCount "35"]
[GameId "2160767911555430"]
[EventDate "2001.07.21"]
[EventType "swiss"]
[EventRounds "9"]
[EventCountry "CAN"]

1. d4 g6 2. c4 Bg7 3. Nc3 d6 4. e4 Nc6 5. Be3 e5 6. Nge2 Nh6 7. f3 f5 8. g3 fxe4 9. Nxe4 Bf5 10. Bg5 Qd7 11. Bxh6 Bxe4 12. Bxg7 Bxf3 13. Bxh8 Nxd4 14. Qd3 Bxh1 15. Nxd4 Kf7 16. Bxe5 dxe5 17. Nb5 Qe7 18. O-O-O 1-0

[Event "Quebec op"]
[Site "Montreal CAN"]
[Date "2001.07.22"]
[Round "2"]
[White "Hua, Lefong"]
[Black "Michaud, Gerald"]
[Result "1-0"]
[WhiteElo "2305"]
[BlackElo "1943"]
[PlyCount "99"]
[GameId "2160767911555431"]
[EventDate "2001.07.21"]
[EventType "swiss"]
[EventRounds "9"]
[EventCountry "CAN"]

1. c4 Nf6 2. Nc3 e5 3. a3 Nc6 4. g3 d5 5. cxd5 Nxd5 6. Bg2 Be6 7. d3 Be7 8. Nf3 Bf6 9. Ne4 Be7 10. O-O h6 11. Bd2 f5 12. Nc3 Nxc3 13. Bxc3 Bf6 14. Qa4 O-O 15. Rfd1 Qd6 16. Nd2 Nd4 17. Bxd4 Qxd4 18. Qc2 c6 19. e3 Qg4 20. h3 Qh5 21. Qc5 f4 22. exf4 Bxh3 23. Bxh3 Qxh3 24. fxe5 Bxe5 25. Qxe5 Rae8 26. Qd4 Rf5 27. Qh4 Qxh4 28. gxh4 Re2 29. Ne4 Rxb2 30. Rdb1 Rxb1+ 31. Rxb1 b6 32. Rc1 c5 33. Kg2 Rd5 34. Rc3 Kf7 35. f4 Ke6 36. Kf3 Rd4 37. Ng3 g6 38. Ke3 Ra4 39. h5 gxh5 40. Nxh5 Kf5 41. Ng3+ Kg4 42. Ne4 Rd4 43. Rc4 Rd8 44. Rc1 Kf5 45. Rh1 Rd4 46. Rxh6 Kg4 47. Rg6+ Kh5 48. f5 Ra4 49. Nf6+ Kh4 50. Rg4+ 1-0

[Event "Quebec op"]
[Site "Montreal CAN"]
[Date "2001.07.22"]
[Round "2"]
[White "Khaziyeva, Dinara"]
[Black "Plante, Michel"]
[Result "0-1"]
[WhiteElo "1880"]
[BlackElo "1975"]
[PlyCount "69"]
[GameId "2160767911555432"]
[EventDate "2001.07.21"]
[EventType "swiss"]
[EventRounds "9"]
[EventCountry "CAN"]

1. b3 e5 2. Bb2 d6 3. e3 Nf6 4. c4 Nbd7 5. d4 c6 6. Ne2 Be7 7. Ng3 O-O 8. Bd3 Re8 9. O-O Bf8 10. Nd2 g6 11. Qc2 Bg7 12. Rad1 Qe7 13. b4 h5 14. dxe5 dxe5 15. c5 Nd5 16. Qb3 a5 17. a3 axb4 18. axb4 b6 19. Bxg6 h4 20. Nf5 Qe6 21. Bxf7+ Kxf7 22. Nd6+ Ke7 23. Nxe8 Kxe8 24. Ne4 bxc5 25. Nxc5 Nxc5 26. bxc5 Qg6 27. e4 Nf4 28. g3 Be6 29. Qc2 Ra7 30. Rd6 Bf8 31. Bxe5 Bxd6 32. cxd6 Nh3+ 33. Kg2 Bd7 34. f4 Qe6 35. Qc3 0-1

[Event "Quebec op"]
[Site "Montreal CAN"]
[Date "2001.07.22"]
[Round "2"]
[White "Lemieux, Serge"]
[Black "Sullivan, Neil"]
[Result "0-1"]
[WhiteElo "1503"]
[BlackElo "2138"]
[PlyCount "62"]
[GameId "2160767911555433"]
[EventDate "2001.07.21"]
[EventType "swiss"]
[EventRounds "9"]
[EventCountry "CAN"]

1. e4 c5 2. Nf3 Nc6 3. d4 cxd4 4. Nxd4 g6 5. Nc3 Bg7 6. Bc4 Nxd4 7. Be3 Nc6 8. O-O Nf6 9. f4 d6 10. Be2 O-O 11. f5 Qa5 12. g4 Qb4 13. Qd3 Ne5 14. Qd1 Nc4 15. Bxc4 Qxc4 16. Bd4 Nxe4 17. Bxg7 Kxg7 18. Nd5 b6 19. Qd3 Qc5+ 20. Ne3 Bb7 21. Rf4 Ng5 22. Kf1 Qe5 23. Qd4 Qxd4 24. Rxd4 Rac8 25. Rad1 Nf3 26. f6+ Kxf6 27. R4d3 Ba6 28. c4 Ne5 29. Nd5+ Ke6 30. Nf4+ Kd7 31. Re3 Nxc4 0-1

[Event "Quebec op"]
[Site "Montreal CAN"]
[Date "2001.07.22"]
[Round "2"]
[White "Moisan-Plante, Marc-Olivier"]
[Black "Chabot, Roland"]
[Result "0-1"]
[WhiteElo "2183"]
[BlackElo "2225"]
[PlyCount "62"]
[GameId "2160767911555435"]
[EventDate "2001.07.21"]
[EventType "swiss"]
[EventRounds "9"]
[EventCountry "CAN"]
[SourceTitle "EXT 2002"]
[Source "ChessBase"]
[SourceDate "2001.11.25"]
[SourceVersion "1"]
[SourceVersionDate "2001.11.25"]
[SourceQuality "1"]

1. e4 c5 2. Nf3 e6 3. d4 cxd4 4. Nxd4 Nf6 5. Nc3 d6 6. f4 a6 7. Qf3 Qb6 8. Nb3 Qc7 9. g4 b5 10. Bd3 Bb7 11. g5 Nfd7 12. Bd2 Nc5 13. Rf1 Nbd7 14. Nxc5 Nxc5 15. O-O-O b4 16. Ne2 d5 17. Ng3 Nxd3+ 18. Qxd3 Bc5 19. Be3 O-O-O 20. Bxc5 Qxc5 21. e5 g6 22. Qd4 Qb5 23. Kb1 Kb8 24. Rc1 Rc8 25. Qd3 Qb6 26. Ne2 a5 27. c3 Ba6 28. Qd4 Qxd4 29. Nxd4 Bxf1 30. Rxf1 bxc3 31. bxc3 h6 0-1

[Event "Quebec op"]
[Site "Montreal CAN"]
[Date "2001.07.22"]
[Round "2"]
[White "Oral, Tomas"]
[Black "Mikanovic, Goran"]
[Result "1-0"]
[WhiteElo "2540"]
[BlackElo "2273"]
[PlyCount "55"]
[GameId "2160767911555436"]
[EventDate "2001.07.21"]
[EventType "swiss"]
[EventRounds "9"]
[EventCountry "CAN"]
[SourceTitle "EXT 2002"]
[Source "ChessBase"]
[SourceDate "2001.11.25"]
[SourceVersion "1"]
[SourceVersionDate "2001.11.25"]
[SourceQuality "1"]

1. e4 c5 2. Nf3 e6 3. b3 Nf6 4. e5 Nd5 5. Bb2 Nc6 6. g3 Be7 7. Bg2 O-O 8. O-O d6 9. exd6 Qxd6 10. Na3 Bf6 11. Bxf6 Nxf6 12. Qe2 Rd8 13. Nb5 Qe7 14. Ne5 Nxe5 15. Qxe5 Ne8 16. Rad1 a6 17. Nc3 f6 18. Qe3 Rb8 19. Rfe1 b6 20. d4 cxd4 21. Rxd4 Rxd4 22. Qxd4 Qd6 23. Qe3 Nc7 24. Rd1 Qe7 25. Na4 Bd7 26. Nxb6 Be8 27. c4 Qa3 28. Nd7 1-0

[Event "Quebec op"]
[Site "Montreal CAN"]
[Date "2001.07.22"]
[Round "2"]
[White "Robichaud, Louis"]
[Black "Fillion, Steve"]
[Result "0-1"]
[WhiteElo "2169"]
[BlackElo "2096"]
[PlyCount "63"]
[GameId "2160767911555437"]
[EventDate "2001.07.21"]
[EventType "swiss"]
[EventRounds "9"]
[EventCountry "CAN"]

1. e4 e6 2. d3 c5 3. Nd2 Nc6 4. g3 g6 5. Bg2 Bg7 6. Ngf3 Nge7 7. O-O O-O 8. Re1 d6 9. Nf1 Qc7 10. c3 e5 11. h3 h6 12. b3 Be6 13. Bb2 d5 14. exd5 Bxd5 15. N1d2 Rad8 16. Qc2 Be6 17. Kh2 Rd7 18. Rad1 Rfd8 19. Bf1 b5 20. Ne4 Qb6 21. c4 g5 22. Ned2 f6 23. Ne4 Nf5 24. d4 Ncxd4 25. Bxd4 cxd4 26. Bd3 Ne7 27. c5 Qc6 28. Nfd2 f5 29. Nd6 a6 30. Bc4 Bd5 31. Bxd5+ Qxd5 32. Rc1 0-1

[Event "Quebec op"]
[Site "Montreal CAN"]
[Date "2001.07.22"]
[Round "2"]
[White "Roy, Alain"]
[Black "Grondin, Jean-Philippe"]
[Result "1/2-1/2"]
[WhiteElo "2146"]
[BlackElo "2217"]
[PlyCount "110"]
[GameId "2160767911555439"]
[EventDate "2001.07.21"]
[EventType "swiss"]
[EventRounds "9"]
[EventCountry "CAN"]

1. d4 d5 2. Nf3 Nc6 3. Bf4 Nf6 4. e3 a6 5. c3 g6 6. Bd3 Bg7 7. Nbd2 O-O 8. O-O h6 9. Qc2 Nh5 10. Ne5 Nxf4 11. exf4 Nxe5 12. dxe5 c5 13. Qd1 Bf5 14. Bxf5 gxf5 15. Qh5 e6 16. Rfd1 Qc7 17. Nf1 Kh7 18. Ng3 f6 19. exf6 Rxf6 20. Qf3 Rg6 21. Re1 Rg8 22. Re2 d4 23. Rae1 Qd7 24. Qd3 Qc6 25. c4 Rf8 26. f3 Rf7 27. Kf2 Bf8 28. Nf1 Be7 29. g3 Bd8 30. a3 Ba5 31. Rb1 b5 32. Rc2 Qd6 33. b4 bxc4 34. Rxc4 cxb4 35. axb4 Bb6 36. Rbc1 Rc7 37. Nd2 Rgg7 38. Nb3 Rxc4 39. Rxc4 Rc7 40. Rxc7+ Bxc7 41. Nc5 a5 42. Qc4 Bb6 43. Nd3 axb4 44. Ke2 Qc7 45. Qxc7+ Bxc7 46. Nxb4 e5 47. fxe5 Bxe5 48. Nc6 Bf6 49. Kd3 Kg6 50. Nxd4 h5 51. Ne2 h4 52. Kc4 Be5 53. Kd5 Bc7 54. Ke6 hxg3 55. hxg3 Kg5 1/2-1/2

[Event "Quebec op"]
[Site "Montreal CAN"]
[Date "2001.07.22"]
[Round "2"]
[White "Rozentalis, Eduardas"]
[Black "Barbeau, Sylvain"]
[Result "1-0"]
[WhiteElo "2588"]
[BlackElo "2365"]
[PlyCount "97"]
[GameId "2160767911555440"]
[EventDate "2001.07.21"]
[EventType "swiss"]
[EventRounds "9"]
[EventCountry "CAN"]
[SourceTitle "EXT 2002"]
[Source "ChessBase"]
[SourceDate "2001.11.25"]
[SourceVersion "1"]
[SourceVersionDate "2001.11.25"]
[SourceQuality "1"]

1. e4 e5 2. Nf3 Nc6 3. Bb5 a6 4. Bxc6 dxc6 5. O-O f6 6. d4 exd4 7. Nxd4 c5 8. Ne2 Be6 9. Nbc3 Qxd1 10. Rxd1 Bd6 11. Bf4 O-O-O 12. Rd2 Ne7 13. Rad1 Bxf4 14. Nxf4 Bf7 15. f3 Rxd2 16. Rxd2 Rd8 17. Rxd8+ Kxd8 18. Kf2 Kd7 19. Ke3 Kd6 20. h4 b5 21. a3 Nc6 22. Nd3 Bc4 23. f4 Bxd3 24. Kxd3 Na5 25. Nb1 Nc4 26. b3 Nb6 27. c4 c6 28. g3 a5 29. Nc3 b4 30. Nb1 a4 31. bxa4 Nxa4 32. Kc2 Nb6 33. Kb3 bxa3 34. Nxa3 Nd7 35. Nc2 Nf8 36. Kc3 Ne6 37. Kd3 g6 38. Ke3 f5 39. Ne1 Ng7 40. Nf3 Nh5 41. Kf2 fxe4 42. Ng5 e3+ 43. Kf3 e2 44. Ne4+ Kc7 45. Kxe2 Kb6 46. Kf3 Ng7 47. g4 h5 48. Ng3 Ka5 49. f5 1-0

[Event "Quebec op"]
[Site "Montreal CAN"]
[Date "2001.07.22"]
[Round "2"]
[White "Soudre, Nicolas"]
[Black "Voskanyan, Vahagn"]
[Result "0-1"]
[WhiteElo "2122"]
[BlackElo "2390"]
[PlyCount "90"]
[GameId "2160767911555442"]
[EventDate "2001.07.21"]
[EventType "swiss"]
[EventRounds "9"]
[EventCountry "CAN"]

1. e4 d5 2. Nc3 dxe4 3. Nxe4 Bf5 4. Ng3 Bg6 5. Nf3 e6 6. h4 h6 7. Ne5 Bh7 8. d4 Nf6 9. Bd3 Bxd3 10. Qxd3 c6 11. Bd2 Nbd7 12. Qe2 Qc7 13. O-O-O Nxe5 14. dxe5 Nd5 15. c4 Nb4 16. a3 Na6 17. b4 Nb8 18. Bc3 c5 19. Ne4 cxb4 20. axb4 Nd7 21. Nd6+ Bxd6 22. exd6 Qc6 23. Bxg7 Rg8 24. Bxh6 Rc8 25. Rd4 Rxg2 26. Rhd1 Qa4 27. Qb2 Qb5 28. Kb1 Qf5+ 29. Ka1 e5 30. R4d2 Rxc4 31. Rc1 b5 32. Rdc2 Qe6 33. Rxc4 bxc4 34. Be3 Qxd6 35. Rxc4 Rg1+ 36. Bc1 Nb6 37. Rc5 f6 38. Qc3 Kd7 39. Qh3+ Ke7 40. Qc3 Kd7 41. Qh3+ Ke7 42. Qc3 Nd5 43. Qc4 Nxb4 44. Rc7+ Kd8 45. Rb7 Rxc1+ 0-1

[Event "Quebec op"]
[Site "Montreal CAN"]
[Date "2001.07.22"]
[Round "2"]
[White "St Amand, Paul Jr"]
[Black "Beaulieu, Pierre"]
[Result "1-0"]
[WhiteElo "2126"]
[BlackElo "2059"]
[PlyCount "73"]
[GameId "2160767911555443"]
[EventDate "2001.07.21"]
[EventType "swiss"]
[EventRounds "9"]
[EventCountry "CAN"]

1. e4 b6 2. d4 Bb7 3. Nd2 e6 4. Ngf3 Be7 5. Bd3 c5 6. c3 Qc7 7. O-O Nf6 8. Re1 Nc6 9. a3 d5 10. e5 Nd7 11. Nf1 h6 12. b4 c4 13. Bc2 b5 14. a4 bxa4 15. Rxa4 Nb6 16. Ra2 a6 17. Bd2 Na7 18. Qe2 Kd7 19. Kh1 Rag8 20. Ng1 h5 21. f4 g5 22. f5 Nb5 23. Nf3 g4 24. Ng1 h4 25. Ne3 h3 26. g3 Bxb4 27. Nxg4 Bxc3 28. Nf6+ Kc8 29. Nxg8 Rxg8 30. Nf3 Bxd4 31. fxe6 fxe6 32. Ba5 Bc5 33. Rf1 d4 34. Be4 d3 35. Qe1 Rf8 36. Ra1 c3 37. Rd1 1-0